00724nam a2200229Ia 4500008004100000020001500041050001200056050001500068100002700083245009400110245007300204260001300277260003700290260000900327300001600336300002100352300001100373650002900384650002300413650002600436700003200462160319s9999 xx 000 0 und d a9716300239 a398.955 bC957w 1993 aCruz, Neni Sta. Romana aWhy the piña has a hundred eyes and other classic Philippine folk tales about fruits /  cas told by Neni Sta. Romana-Cruz ; illustrated by Felix Mago Miguel. aManila : bTahanan Books for Young Readers  c1993 a55 pages :  billustrations ;  c26 cm. aFolklore -- Philippines. aFruit -- Folklore. aTales -- Philippines. aMiguel, Felix Mago., author